Получение функционально-градиентного керамического материала на основе ZrO2 и MgAl2 O4; Химия и химическая технология в XXI веке; Т. 2

Библиографические подробности
Источник:Химия и химическая технология в XXI веке: материалы XXIV Международной научно-практической конференции студентов и молодых ученых имени выдающихся химиков Л. П. Кулёва и Н. М. Кижнера, посвященной 85-летию со дня рождения профессора А. В. Кравцова, Томск, 15-19 мая 2023 г./ Национальный исследовательский Томский политехнический университет (ТПУ) ; Инженерная школа природных ресурсов ; Инженерная школа новых производственных технологий ; Исследовательская школа химических и биомедицинских технологий ; Инженерная школа ядерных технологий.— , 2023
Т. 2.— 2023.— [С. 530-531]
Другие авторы: Ли Шухуэй (научный руководитель), Деулина Д. Е. Дарья Евгеньевна, Пайгин В. Д. Владимир Денисович, Хасанов О. Л. Олег Леонидович
Примечания:Заглавие с титульного экрана
Язык:русский
Опубликовано: 2023
Серии:Перспективные материалы и нанотехнологии
Предметы:
Online-ссылка:http://earchive.tpu.ru/handle/11683/76813
Формат: MixedMaterials Электронный ресурс Статья
Запись в KOHA:https://koha.lib.tpu.ru/cgi-bin/koha/opac-detail.pl?biblionumber=636108

MARC

LEADER 00000naa2a2200000 4500
001 636108
005 20260327114234.0
035 |a (RuTPU)RU\TPU\conf\37965 
035 |a RU\TPU\conf\37964 
090 |a 636108 
100 |a 20230628d2023 k y0rusy50 ca 
101 0 |a rus 
102 |a RU 
135 |a drcn ---uucaa 
181 0 |a i  
182 0 |a b 
200 1 |a Получение функционально-градиентного керамического материала на основе ZrO2 и MgAl2 O4  |f Ли Шухуэй, Д. Е. Деулина, В. Д. Пайгин  |g науч. рук. О. Л. Хасанов 
203 |a Текст  |c электронный 
225 1 |a Перспективные материалы и нанотехнологии 
300 |a Заглавие с титульного экрана 
320 |a [Библиогр.: с. 531 (2 назв.)] 
338 |b Российский научный фонд  |d 21-71-10100 
461 1 |0 (RuTPU)RU\TPU\conf\37590  |t Химия и химическая технология в XXI веке  |o материалы XXIV Международной научно-практической конференции студентов и молодых ученых имени выдающихся химиков Л. П. Кулёва и Н. М. Кижнера, посвященной 85-летию со дня рождения профессора А. В. Кравцова, Томск, 15-19 мая 2023 г.  |o в 2 т.  |f Национальный исследовательский Томский политехнический университет (ТПУ) ; Инженерная школа природных ресурсов ; Инженерная школа новых производственных технологий ; Исследовательская школа химических и биомедицинских технологий ; Инженерная школа ядерных технологий  |d 2023 
463 1 |0 (RuTPU)RU\TPU\conf\37592  |t Т. 2  |v [С. 530-531]  |d 2023 
610 1 |a труды учёных ТПУ 
610 1 |a электронный ресурс 
610 1 |a функционально-градиентные материалы 
610 1 |a керамические материалы 
610 1 |a нанопорошки 
610 1 |a плазменное спекание 
610 1 |a иттрий-алюминиевый гранат 
701 0 |a Ли Шухуэй  |f 1999-  |c специалист в области материаловедения  |c инженер Томского политехнического университета  |y Томск  |7 ca  |8 rus  |9 89020 
701 1 |a Деулина  |b Д. Е.  |c специалист в области материаловедения  |c инженер-исследователь Томского политехнического университета  |f 1999-  |g Дарья Евгеньевна  |3 (RuTPU)RU\TPU\pers\47624  |9 23100 
701 1 |a Пайгин  |b В. Д.  |c специалист в области материаловедения  |c инженер Томского политехнического университета  |f 1992-  |g Владимир Денисович  |3 (RuTPU)RU\TPU\pers\38491  |9 20805 
702 1 |a Хасанов  |b О. Л.  |c физик, специалист в области наноматериалов  |c профессор Томского политехнического университета, доктор технических наук  |c директор Нано-Центра ТПУ, заведующий кафедрой наноматериалов и нанотехнологий  |f 1958-  |g Олег Леонидович  |4 727 
801 2 |a RU  |b 63413507  |c 20230803  |g RCR 
856 4 |u http://earchive.tpu.ru/handle/11683/76813 
942 |c CF